| 000 | 01048nam a22002894a 4500 | ||
|---|---|---|---|
| 005 | 20060322135206.0 | ||
| 008 | 031212s2005 njua b 001 0 eng | ||
| 010 | _aENG-91214 | ||
| 020 |
_a978120335684 _c595.00 |
||
| 035 | _aEN-74747 | ||
| 037 | _bDBAD / PUB | ||
| 040 |
_adpl _bEnglish |
||
| 082 | _a658.1511 | ||
| 245 |
_aIntroduction to management accounting / _cby Charles T. Horngren...[et.al] |
||
| 250 | _a14th ed. | ||
| 260 |
_aNew Delhi _bPrentice Hall of India _c2008 |
||
| 270 |
_aM-97, Connaught Circus _bNew Delhi _e110001 |
||
| 300 |
_aVarious pagings _c29 cm(pbk) |
||
| 504 | _aIncludes bibliographical references and index. | ||
| 650 | _aManagerial accounting. | ||
| 700 | _aSundem, Gary L. | ||
| 700 | _aStratton, William O. | ||
| 700 | _aBurgstahler, David | ||
| 700 | _aSchatzberg, Jeff | ||
| 942 |
_2ddc _cEN _h658.1511 _mINT |
||
| 999 |
_c16369 _d16369 |
||